MARC

LEADER 00000naa0a2200000 4500
001 656333
005 20251204155232.0
035 |a (RuTPU)RU\TPU\network\22774 
090 |a 656333 
100 |a 20171108d2017 k y0rusy50 ca 
101 0 |a rus 
102 |a RU 
135 |a drcn ---uucaa 
181 0 |a i  
182 0 |a b 
200 1 |a Синтез 99mTc-меченных биоконъюгатов на основе циклических кетонов  |f Е. В. Подрезова, М. С. Ларькина, М. С. Юсубов [и др.] 
203 |a Текст  |c электронный 
300 |a Заглавие с экрана 
320 |a [Библиогр.: с. 109 (2 назв.)] 
463 1 |t Современные проблемы органической химии  |o Всероссийская научная конференция, посвященная 110-летию со дня рождения академика Н. Н. Ворожцова, 5-9 июня 2017, Новосибирск  |o тезисы докладов  |v [С. 109]  |f Российская академия наук (РАН), Сибирское отделение (СО), Новосибирский институт органической химии им. Н. Н. Ворожцова (НИОХ) ; Новосибирский государственный университет (НГУ)  |d 2017 
610 1 |a электронный ресурс 
610 1 |a труды учёных ТПУ 
610 1 |a онкологические заболевания 
610 1 |a диагностика 
610 1 |a радиофармацевтические препараты 
610 1 |a биологические активные соединения 
701 1 |a Подрезова  |b Е. В.  |c химик  |c научный сотрудник Томского политехнического университета, кандидат химических наук  |f 1992-  |g Екатерина Владимировна  |y Томск  |3 (RuTPU)RU\TPU\pers\36903  |9 19932 
701 1 |a Ларькина  |b М. С.  |g Мария Сергеевна  |f 1984-  |c провизор  |c профессор; старший научный сотрудник Томского политехнического университета, доктор фармацевтических наук  |3 (RuTPU)RU\TPU\pers\46780  |9 22416 
701 1 |a Юсубов  |b М. С.  |c химик  |c профессор Томского политехнического университета, доктор химических наук  |f 1961-  |g Мехман Сулейман-оглы (Сулейманович)  |3 (RuTPU)RU\TPU\pers\28058  |9 13020 
701 1 |a Брагина  |b О. Д.  |c специалист в области медицинских технологий  |c старший научный сотрудник Томского политехнического университета, доктор медицинских наук  |f 1986-  |g Ольга Дмитриевна  |y Томск  |3 (RuTPU)RU\TPU\pers\35942  |9 19083 
701 1 |a Чернов  |b В. И.  |c специалист в области медицинских технологий  |c ведущий инженер Томского политехнического университета, доктор медицинских наук  |f 1962-  |g Владимир Иванович  |3 (RuTPU)RU\TPU\pers\33119  |9 16941 
701 1 |a Стасюк  |b Е. С.  |c специалист в области атомной энергетики  |c научный сотрудник Томского политехнического университета, кандидат технических наук  |f 1978-  |g Елена Сергеевна  |3 (RuTPU)RU\TPU\pers\27552  |9 12756 
701 1 |a Скуридин  |b В. С.  |c физик, специалист в области атомной энергетики  |c профессор Томского политехнического университета, доктор технических наук  |f 1946-  |g Виктор Сергеевич  |3 (RuTPU)RU\TPU\pers\27551  |9 12755 
801 2 |a RU  |b 63413507  |c 20210302  |g RCR 
850 |a 63413507 
856 4 |u https://elibrary.ru/item.asp?id=29361113  |z https://elibrary.ru/item.asp?id=29361113 
942 |c CF